Principles of mercantile law. Ed.8 (Record no. 112909)
[ view plain ]
| 000 -LEADER | |
|---|---|
| fixed length control field | 00405nam a2200157Ia 4500 |
| 008 - FIXED-LENGTH DATA ELEMENTS--GENERAL INFORMATION | |
| fixed length control field | 210210b1976 xxu||||| |||| 00| 0 eng d |
| 082 ## - DEWEY DECIMAL CLASSIFICATION NUMBER | |
| Classification number | 346.07 VYAP |
| 100 ## - MAIN ENTRY--PERSONAL NAME | |
| Personal name | VYAS (Ramkrishna R). |
| 245 ## - TITLE STATEMENT | |
| Title | Principles of mercantile law. Ed.8 |
| 250 ## - EDITION STATEMENT | |
| Edition statement | |
| 260 ## - PUBLICATION, DISTRIBUTION, ETC. | |
| Place of publication, distribution, etc. | Bombay |
| Name of publisher, distributor, etc. | N M Tripathi Pvt Ltd. |
| Date of publication, distribution, etc. | 1976 |
| 300 ## - PHYSICAL DESCRIPTION | |
| Extent | 702,xcii |
| 650 ## - SUBJECT ADDED ENTRY--TOPICAL TERM | |
| Topical term or geographic name entry element | Mercantile law |
| 690 ## - LOCAL SUBJECT ADDED ENTRY--TOPICAL TERM (OCLC, RLIN) | |
| Topical term or geographic name as entry element | Mercantile Law |
| 906 ## - LOCAL DATA ELEMENT F, LDF (RLIN) | |
| a | SG01263 |
| Withdrawn status | Lost status | Damaged status | Not for loan | Collection code | Home library | Current library | Shelving location | Date acquired | Cost, normal purchase price | Total Checkouts | Full call number | Barcode | Date last seen | Price effective from | Koha item type |
|---|---|---|---|---|---|---|---|---|---|---|---|---|---|---|---|
| Law | St Aloysius Library | St Aloysius Library | 02/17/2021 | 0.00 | 346.07 VYAP | SG01263 | 02/17/2021 | 02/17/2021 | Special Grants |